অবিভক্ত নদীয়া জেলা : ইতিহাস, সমাজ ও সংস্কৃতি (১৭৮৬-১৯৪৭ খ্রি.) :: (Record no. 31092)

MARC details
000 -LEADER
fixed length control field 01379nam a22002177a 4500
003 - CONTROL NUMBER IDENTIFIER
control field BDDh-ASL
005 - DATE AND TIME OF LATEST TRANSACTION
control field 20231015031229.0
008 - FIXED-LENGTH DATA ELEMENTS--GENERAL INFORMATION
fixed length control field 230317s2015 bg ||||| |||| 00| 0 b d
040 ## - CATALOGING SOURCE
Original cataloging agency BDDh-ASL
Transcribing agency BDDh-ASL
041 ## - LANGUAGE CODE
Language code of text/sound track or separate title ben
082 ## - DEWEY DECIMAL CLASSIFICATION NUMBER
Classification number 954
Item number HOO
100 1# - MAIN ENTRY--PERSONAL NAME
Personal name হোসেন, মোহা. জাহাঙ্গীর
Titles and words associated with a name ড.
9 (RLIN) 7542
245 10 - TITLE STATEMENT
Title অবিভক্ত নদীয়া জেলা : ইতিহাস, সমাজ ও সংস্কৃতি (১৭৮৬-১৯৪৭ খ্রি.) ::
Remainder of title [কুষ্টিয়া, চুয়াডাঙ্গা, মেহেরপুর ও পশ্চিমবঙ্গের নদীয়া জেলা] /
246 ## - VARYING FORM OF TITLE
Title proper/short title Obivokta Nadia Zila Itihas, Somaj O Songskriti (1786-1987 )
260 ## - PUBLICATION, DISTRIBUTION, ETC.
Place of publication, distribution, etc. ঢাকা :
Name of publisher, distributor, etc. গতিধারা,
Date of publication, distribution, etc. 2015.
300 ## - PHYSICAL DESCRIPTION
Extent 325 p. :
Dimensions 22 cm.
651 #0 - SUBJECT ADDED ENTRY--GEOGRAPHIC NAME
Geographic name কুষ্টিয়া (Kushtia) Kustia
Geographic subdivision বাংলাদেশ (Bangladesh)
9 (RLIN) 7449
651 #0 - SUBJECT ADDED ENTRY--GEOGRAPHIC NAME
Geographic name Chuadanga (চুয়াডাঙ্গা) Cuẏāḍāṅgā
Geographic subdivision Bangladesh (বাংলাদেশ)
9 (RLIN) 5530
651 #0 - SUBJECT ADDED ENTRY--GEOGRAPHIC NAME
Geographic name Meherpur (মেহেরপুর) Mujibnagar, মুজিবনগর, Mujibanagara, Baidyanathtala (Boiddonathtola) বৈদ্যনাথতলা, ভবের পাড়া, আম্রকানন
Geographic subdivision Bangladesh (বাংলাদেশ)
9 (RLIN) 7478
942 ## - ADDED ENTRY ELEMENTS (KOHA)
Source of classification or shelving scheme Dewey Decimal Classification
Koha item type Books
Holdings
Withdrawn status Lost status Source of classification or shelving scheme Damaged status Not for loan Collection code Home library Current library Shelving location Date acquired Source of acquisition Total Checkouts Full call number Barcode Date last seen Copy number Price effective from Koha item type Public note
    Dewey Decimal Classification     Non-fiction Asiatic Society Library Asiatic Society Library General Stacks 03/17/2023 Amar Ekushey Book Fair 2022   954 HOO 119701 03/17/2023 C-1 03/17/2023 Books Y-2015

Powered by Koha